| 000 | 00419cam a22001457a 4500 | ||
|---|---|---|---|
| 020 | _a9789712202896 | ||
| 040 | _cDLC | ||
| 082 | _a633 IRR 2012 A052 Or. | ||
| 245 | 0 | 0 | _aAdvances in temperate rice research / |
| 260 |
_aMetro Manila, Philippines : _bIRRI, _c2012. |
||
| 300 |
_avi, 105 p. : _bill. ; _c23 cm. |
||
| 700 | 1 | _aJena, K. K. | |
| 856 | 4 | 1 | _uhttp://www.loc.gov/catdir/toc/fy13pdf05/2012325656.html |
| 942 | _cEK | ||
| 999 |
_c14745 _d14745 |
||